000 01063nam a2200253Ia 4500
001 16426
003 GE_BSU
008 181216s||||||||xx |||||||||||||| ||und||
020 _a978-1904811305
040 _cGE_BSU
080 _a004
100 _aDeLisle, Marc
245 _aCreating your MySQL Database: Practical Design Tips and Techniques
245 2 _bA short guide for everyone on how to structure your data and set-up your MySQL database tables efficiently and easily.
245 _cEditor Louay Fatoohi
260 _aUSA
260 _bPackt Publishing
260 _c2006
300 _a108 pages,ill,23cm.
541 _h74gel.
653 _aIf you're creating a dynamic web application using open-source tools, then you're probably going to be setting up a MySQL database. Getting the design of this database right for your application and its data is vital, but it's often an intimidating and little-known process for non-developers and dev
653 _aკომპიუტერული ტექნოლოგიები
942 _cBK
999 _c49499
_d49499